00289nam a2200109Ia 4500008004100000100003400041245004300075260003000118300000900148942000700157999001500164190216s9999||||xx |||||||||||||| ||und|| aPaul Hersey & Kenneth H B 0aManagement Of Organisational Behaviour bSulthan Chand&Sonsc2001 a627p cBK c4032d4032